[Event "Wellington CC-chA"]
[Site "Wellington"]
[Date "2010.08.24"]
[Round "5"]
[White "Wilson, Jesse"]
[Black "Turner, Michael George"]
[Result "1/2-1/2"]
[WhiteElo "2078"]
[BlackElo "2099"]
[PlyCount "47"]
[EventDate "2010.07.27"]
[EventType "tourn"]
[EventRounds "9"]
[EventCountry "NZL"]
[SourceTitle "EXT 2018"]
[Source "ChessBase"]
[SourceDate "2017.10.13"]
[SourceVersion "1"]
[SourceVersionDate "2017.10.13"]
[SourceQuality "1"]

1. e4 c6 2. c4 d5 3. exd5 cxd5 4. cxd5 Nf6 5. Nc3 Nxd5 6. d4 Nc6 7. Bc4 e6 8. Nf3 Be7 9. 0-0 0-0 10. Ne4 Nf6 11. Ng3 a6 12. a3 Re8 13. b4 b5 14. Bb3 Bb7 15. Bb2 a5 16. Qe2 Qb6 17. Rfd1 Nd5 18. Ne4 axb4 19. axb4 Ncxb4 20. Ne5 Rad8 21. Qh5 g6 22. Qh6 Bf8 23. Qh4 Be7 24. Qh6 1/2-1/2

[Event "Wellington CC-chA"]
[Site "Wellington"]
[Date "2010.08.10"]
[Round "3"]
[White "Wilson, Jesse"]
[Black "Dive, Russell John"]
[Result "0-1"]
[WhiteElo "2078"]
[BlackElo "2460"]
[PlyCount "38"]
[EventDate "2010.07.27"]
[EventType "tourn"]
[EventRounds "9"]
[EventCountry "NZL"]
[SourceTitle "EXT 2018"]
[Source "ChessBase"]
[SourceDate "2017.10.13"]
[SourceVersion "1"]
[SourceVersionDate "2017.10.13"]
[SourceQuality "1"]

1. e4 Nf6 2. e5 Nd5 3. d4 d6 4. Nf3 Nc6 5. exd6 exd6 6. c3 Bg4 7. Be2 Be7 8. h3 Bh5 9. 0-0 0-0 10. Nbd2 Nf4 11. Bc4 d5 12. Bb3 Bd6 13. Re1 Qf6 14. Re3 Qg6 15. Nh4 Qg5 16. Ndf3 Qf6 17. Bc2 Ne7 18. Re5 Bxe5 19. dxe5 Qxh4 0-1